[Event "Copa Latinoamericana de Ajedrez 2011"]
[Site "Montevideo URU"]
[Date "2011.11.02"]
[Round "2.106"]
[White "De San Vicente, Sabrina"]
[Black "Garcia, Cristian Javier"]
[Result "0-1"]
[WhiteElo "1779"]
[BlackElo "2053"]
[PlyCount "120"]
[EventDate "2011.11.01"]
[EventType "swiss"]
[EventRounds "9"]
[EventCountry "URU"]
[Source "lmi"]
[SourceDate "2011.11.01"]

1. d4 Nf6 2. c4 g6 3. Nc3 d5 4. cxd5 Nxd5 5. e4 Nxc3 6. bxc3 b6 7. Bb5+ Bd7 8.
Qa4 Bg7 9. Ne2 O-O 10. Bxd7 Nxd7 11. O-O c5 12. e5 e6 13. Be3 Qc7 14. Rac1 Rab8
15. Qb5 Rfc8 16. Rfd1 Qb7 17. a4 a6 18. Qb2 Qc6 19. Qa2 c4 20. Rb1 f6 21. exf6
Nxf6 22. Bf4 Rb7 23. Be5 Nd5 24. Bxg7 Kxg7 25. Re1 Rf8 26. Qc2 Rbf7 27. Rf1 h5
28. Rbe1 h4 29. h3 b5 30. axb5 axb5 31. Nc1 Rf5 32. Qe4 Rg5 33. Kh1 Rf4 34.
Qxe6 Qxe6 35. Rxe6 Nxc3 36. Rd6 Rd5 37. Rxd5 Nxd5 38. Ne2 Rf8 39. f3 Re8 40.
Nc1 b4 41. Kg1 Kf6 42. Kf2 Re3 43. Re1 Rxe1 44. Kxe1 Kf5 45. Ne2 Ke6 46. Kd2 g5
47. g3 hxg3 48. Nxg3 Nf4 49. Ne4 Nxh3 50. Ke3 b3 51. Nc5+ Kd5 52. Na4 b2 53.
Nc3+ Kc6 54. Kd2 Ng1 55. Ke3 Kb6 56. Kf2 Nh3+ 57. Ke3 Ka5 58. Kd2 Kb4 59. Kc2
Ng1 60. Kxb2 Nxf3 0-1

[Event "Copa Latinoamericana de Ajedrez 2011"]
[Site "Montevideo URU"]
[Date "2011.11.02"]
[Round "2.107"]
[White "Izquierdo, Martin"]
[Black "Visillac, Alejandro"]
[Result "0-1"]
[WhiteElo "1438"]
[BlackElo "1775"]
[PlyCount "66"]
[EventDate "2011.11.01"]
[EventType "swiss"]
[EventRounds "9"]
[EventCountry "URU"]
[Source "lmi"]
[SourceDate "2011.11.01"]

1. e4 e6 2. Nf3 d5 3. e5 c5 4. d4 Nc6 5. c3 Qb6 6. Be2 Be7 7. Nbd2 f6 8. exf6
Nxf6 9. O-O cxd4 10. cxd4 Nxd4 11. Qa4+ Nc6 12. Bb5 O-O 13. Nb3 Bd7 14. Bd2 a6
15. Bxc6 Bxc6 16. Qd4 Qd8 17. Nc5 Bxc5 18. Qxc5 Ne4 19. Qe3 Nxd2 20. Qxe6+ Kh8
21. Nxd2 Qb6 22. b3 Rae8 23. Qg4 Bb5 24. Rfd1 Qxf2+ 25. Kh1 Be2 26. Qg3 Bxd1
27. Qxf2 Rxf2 28. Rxd1 Ree2 29. Nf3 Rxa2 30. Re1 h6 31. Nh4 d4 32. Ng6+ Kh7 33.
Ne5 Rfe2 0-1

[Event "Copa Latinoamericana de Ajedrez 2011"]
[Site "Montevideo URU"]
[Date "2011.11.02"]
[Round "2.108"]
[White "Riverol, Santiago"]
[Black "Lopez Durand, Cesar"]
[Result "0-1"]
[WhiteElo "1334"]
[BlackElo "1758"]
[PlyCount "70"]
[EventDate "2011.11.01"]
[EventType "swiss"]
[EventRounds "9"]
[EventCountry "URU"]
[Source "lmi"]
[SourceDate "2011.11.01"]

1. e4 e6 2. Nf3 d5 3. e5 d4 4. d3 b6 5. g3 Bb7 6. Bg2 Ne7 7. O-O Ng6 8. b3 c5
9. Bb2 Nc6 10. Nbd2 Qc7 11. c3 Ncxe5 12. cxd4 Nxd3 13. dxc5 Nxb2 14. cxb6 Qc3
15. Qc1 Bb4 16. Qxc3 Bxc3 17. Rab1 axb6 18. Rfc1 Bf6 19. Rc7 Bd5 20. h4 h5 21.
Ng5 O-O 22. Bxd5 exd5 23. f4 Rxa2 24. f5 Bxg5 25. hxg5 Ne5 26. Rc2 Rfa8 27.
Rcxb2 Kf8 28. Rxa2 Rxa2 29. Nf1 Nf3+ 30. Kh1 Nxg5 31. Ne3 d4 32. Nf1 Ke7 33.
Rd1 Nf3 34. Rd3 Rf2 35. Rd1 Kf6 0-1

[Event "Copa Latinoamericana de Ajedrez 2011"]
[Site "Montevideo URU"]
[Date "2011.11.02"]
[Round "3.1"]
[White "Bruzon Batista, Lazaro"]
[Black "Larrea, Manuel"]
[Result "1-0"]
[WhiteElo "2689"]
[BlackElo "2327"]
[PlyCount "91"]
[EventDate "2011.11.01"]
[EventType "swiss"]
[EventRounds "9"]
[EventCountry "URU"]
[Source "lmi"]
[SourceDate "2011.11.01"]

1. e4 c5 2. Nf3 Nc6 3. Bb5 g6 4. Bxc6 dxc6 5. d3 Bg7 6. h3 e5 7. O-O Qe7 8. a3
Nf6 9. Nbd2 Nd7 10. b4 O-O 11. Nc4 Rd8 12. Qe1 Nb6 13. Na5 cxb4 14. axb4 Be6
15. Ng5 Bc8 16. Qc3 Nd7 17. Nf3 Re8 18. Be3 Qd6 19. Nc4 Qb8 20. Ra3 b6 21. Rfa1
Bb7 22. Qb3 Bf8 23. Ng5 Re7 24. Qa2 h6 25. Nf3 Re8 26. Rxa7 b5 27. Rxa8 Bxa8
28. Ncd2 Bxb4 29. Bxh6 Bb7 30. Be3 Nf8 31. Ng5 Qc7 32. Qb3 Bd6 33. Ra7 Ne6 34.
Ndf3 Nxg5 35. Nxg5 Re7 36. h4 Qc8 37. c4 Bb8 38. Ra1 Qd7 39. Rb1 Ba6 40. Qa3
Bb7 41. cxb5 cxb5 42. Rxb5 Bd6 43. Qb3 Bc6 44. Ra5 Re8 45. Ra7 Bc7 46. Nxf7 1-0

[Event "Copa Latinoamericana de Ajedrez 2011"]
[Site "Montevideo URU"]
[Date "2011.11.02"]
[Round "3.2"]
[White "Flores, Diego"]
[Black "Espinoza Palomino, Willyam"]
[Result "1-0"]
[WhiteElo "2599"]
[BlackElo "2273"]
[PlyCount "171"]
[EventDate "2011.11.01"]
[EventType "swiss"]
[EventRounds "9"]
[EventCountry "URU"]
[Source "lmi"]
[SourceDate "2011.11.01"]

1. d4 Nf6 2. c4 e6 3. Nc3 Bb4 4. e3 c5 5. Nge2 cxd4 6. exd4 d5 7. a3 Be7 8. Nf4
dxc4 9. Bxc4 O-O 10. O-O Nc6 11. Be3 Bd6 12. Nh5 Nxh5 13. Qxh5 Qa5 14. Qh4 Ne7
15. Bd3 Nf5 16. Qh3 h6 17. Rad1 Bd7 18. Bc1 Be7 19. d5 Rad8 20. Bxf5 exf5 21.
d6 f4 22. Qf3 Bc6 23. Qxf4 Bf6 24. Qg3 Qh5 25. h3 Bxc3 26. bxc3 Rfe8 27. Rd4
Re6 28. Rg4 Rg6 29. Rxg6 Qxg6 30. Qxg6 fxg6 31. Bf4 Kf7 32. c4 Re8 33. Rd1 Bd7
34. Rb1 Bc6 35. Be3 a6 36. Rd1 Bd7 37. Bb6 Re4 38. c5 Ke8 39. Rd3 g5 40. Kh2
Be6 41. Rf3 g4 42. Rg3 h5 43. hxg4 Rxg4 44. Re3 Kd7 45. Re5 g6 46. Re3 Rh4+ 47.
Kg1 Rf4 48. Rg3 Bf5 49. Rc3 Be6 50. Re3 Rf5 51. Re4 Rg5 52. f3 Rd5 53. Kf2 Rg5
54. Rb4 Bd5 55. g4 hxg4 56. fxg4 Be6 57. Kg3 Rd5 58. Kh4 Kc6 59. Ba7 Bc8 60.
Re4 Bd7 61. Bb6 Rd1 62. Kg5 Rg1 63. Rb4 Rg3 64. Ba7 Bc8 65. Rb6+ Kd7 66. Rb4
Kc6 67. a4 Rg2 68. Bb6 Bd7 69. Re4 Kd5 70. Rd4+ Kc6 71. Ba7 Rg3 72. Kh4 Rg2 73.
Rb4 Bc8 74. Rb6+ Kd7 75. Kg5 Rg3 76. Rb4 Kc6 77. Kh4 Rg2 78. Rd4 Bd7 79. Re4
Kd5 80. Rf4 Kc6 81. Kh3 Rg1 82. Rb4 Bc8 83. d7 Bxd7 84. Rb6+ Kc7 85. Rxg6 Bxa4
86. Bb6+ 1-0

[Event "Copa Latinoamericana de Ajedrez 2011"]
[Site "Montevideo URU"]
[Date "2011.11.02"]
[Round "3.3"]
[White "Lujan, Carolina"]
[Black "Mareco, Sandro"]
[Result "1/2-1/2"]
[WhiteElo "2361"]
[BlackElo "2583"]
[PlyCount "69"]
[EventDate "2011.11.01"]
[EventType "swiss"]
[EventRounds "9"]
[EventCountry "URU"]
[Source "lmi"]
[SourceDate "2011.11.01"]

1. e4 c5 2. Nf3 d6 3. d4 cxd4 4. Nxd4 Nf6 5. Nc3 a6 6. g3 e5 7. Nde2 Nbd7 8. a4
b6 9. Nd5 Nxd5 10. Qxd5 Rb8 11. Nc3 Nf6 12. Qd1 h6 13. Bc4 Be7 14. Qe2 O-O 15.
O-O b5 16. axb5 axb5 17. Bb3 Be6 18. Rd1 Qd7 19. f3 Rfc8 20. Nd5 Bxd5 21. Bxd5
Nxd5 22. Rxd5 Qc6 23. c3 b4 24. Bd2 Bd8 25. cxb4 Bb6+ 26. Be3 Qc4 27. Qf2 Qxb4
28. Bxb6 Rxb6 29. Rd2 Rcc6 30. Rad1 Qb3 31. Qe2 Qa2 32. b4 Qa7 33. Kg2 Qb8 34.
b5 Rxb5 35. Rxd6 1/2-1/2

[Event "Copa Latinoamericana de Ajedrez 2011"]
[Site "Montevideo URU"]
[Date "2011.11.02"]
[Round "3.4"]
[White "Felgaer, Ruben"]
[Black "Lacayo, Rene"]
[Result "1-0"]
[WhiteElo "2573"]
[BlackElo "2264"]
[PlyCount "45"]
[EventDate "2011.11.01"]
[EventType "swiss"]
[EventRounds "9"]
[EventCountry "URU"]
[Source "lmi"]
[SourceDate "2011.11.01"]

1. e4 c5 2. Nf3 e6 3. d4 cxd4 4. Nxd4 a6 5. Nc3 d6 6. Be2 Nf6 7. O-O Qc7 8. f4
Be7 9. Kh1 h5 10. Bf3 Nbd7 11. a4 g6 12. a5 e5 13. Nde2 Nc5 14. Be3 Bd7 15. b4
Ne6 16. fxe5 dxe5 17. Nd5 Nxd5 18. exd5 Nd8 19. Bb6 Qc8 20. d6 Bf8 21. Bxd8
Qxd8 22. Bxb7 Ra7 23. Qd5 1-0

[Event "Copa Latinoamericana de Ajedrez 2011"]
[Site "Montevideo URU"]
[Date "2011.11.02"]
[Round "3.7"]
[White "Quenallata, Luciano"]
[Black "Hernandez Carmenates, Holden"]
[Result "0-1"]
[WhiteElo "2217"]
[BlackElo "2564"]
[PlyCount "88"]
[EventDate "2011.11.01"]
[EventType "swiss"]
[EventRounds "9"]
[EventCountry "URU"]
[Source "lmi"]
[SourceDate "2011.11.01"]

1. e4 c5 2. Nc3 d6 3. f4 Nc6 4. d3 g6 5. g3 Bg7 6. Bg2 e6 7. Nf3 Nge7 8. O-O
O-O 9. Be3 b6 10. d4 Ba6 11. Rf2 Na5 12. b3 Rc8 13. Ne2 Bb7 14. Ne1 f5 15. e5
Bxg2 16. Nxg2 Nd5 17. c3 cxd4 18. cxd4 Rf7 19. Bd2 Nc6 20. Ne3 Nxe3 21. Bxe3
Nb4 22. Bd2 Nd5 23. Rf3 dxe5 24. fxe5 Rfc7 25. Rc1 Rxc1 26. Bxc1 Qc7 27. Rd3
Bf8 28. Bf4 Be7 29. h4 Qc2 30. Qxc2 Rxc2 31. Rd2 Rc8 32. Rd1 Ba3 33. Kf2 Kf7
34. Bc1 Bb4 35. Bd2 Rc2 36. Bxb4 Nxb4 37. a3 Na2 38. Ke3 Rxe2+ 39. Kxe2 Nc3+
40. Kd2 Nxd1 41. Kxd1 Ke7 42. Kd2 Kd7 43. Kd3 Kc6 44. Kc4 b5+ 0-1

[Event "Copa Latinoamericana de Ajedrez 2011"]
[Site "Montevideo URU"]
[Date "2011.11.02"]
[Round "3.8"]
[White "Cristobal, Manuel"]
[Black "Cubas, Jose"]
[Result "1-0"]
[WhiteElo "2208"]
[BlackElo "2536"]
[PlyCount "213"]
[EventDate "2011.11.01"]
[EventType "swiss"]
[EventRounds "9"]
[EventCountry "URU"]
[Source "lmi"]
[SourceDate "2011.11.01"]

1. d4 Nf6 2. Nf3 e6 3. Bg5 d5 4. Nbd2 Be7 5. e3 O-O 6. Bd3 Nbd7 7. O-O b6 8. e4
dxe4 9. Nxe4 Bb7 10. Qe2 c5 11. dxc5 Nxc5 12. Nxc5 bxc5 13. Rad1 Qa5 14. Bc4
Qc7 15. Ne5 Nd5 16. Bxe7 Qxe7 17. Bxd5 exd5 18. Rfe1 Qc7 19. Qg4 Rad8 20. Nd3
Rd6 21. Nf4 d4 22. Re5 Rf6 23. Rde1 Qd6 24. b3 h6 25. Qg3 Kh7 26. Re7 Qc6 27.
R1e6 Rxe6 28. Nxe6 Rg8 29. Nxc5 Ba8 30. b4 Re8 31. Rxe8 Qxe8 32. Qd3+ Kg8 33.
Kf1 Qc6 34. f3 Qd5 35. Nb3 Bb7 36. Qxd4 Qb5+ 37. Kf2 Qa4 38. Qd8+ Kh7 39. Qa5
Qc6 40. Qf5+ Kg8 41. Nc5 Bc8 42. Qe4 Qc7 43. g3 g6 44. c4 Bf5 45. Qd4 Qe7 46.
a3 Qg5 47. Nb3 Be6 48. Nd2 Qh5 49. h4 Qf5 50. c5 Qh3 51. Nf1 Bd7 52. Qe4 Bb5
53. Ne3 Qh2+ 54. Ng2 Qh1 55. Qe1 Qh3 56. Qe5 a6 57. Qd6 Qf5 58. Qd2 Bc6 59. Ne1
g5 60. hxg5 hxg5 61. Qd3 Qe5 62. Qxa6 Qd4+ 63. Kf1 Bd5 64. Qc8+ Kg7 65. Qe8
Bc4+ 66. Kg2 Qd2+ 67. Kg1 Be6 68. Ng2 Qd1+ 69. Kh2 Qxf3 70. Qd8 Kg6 71. Qd2 Bd5
72. b5 Kh5 73. c6 f5 74. c7 Bb7 75. b6 f4 76. gxf4 g4 77. Qa5+ Kh6 78. Qg5+ Kh7
79. Qh4+ Kg6 80. Qg3 Qe2 81. a4 Kf5 82. a5 Qd2 83. Kg1 Qc1+ 84. Qe1 Qc5+ 85.
Kh2 Qc2 86. Qe5+ Kg6 87. Qg5+ Kf7 88. Qxg4 Qh7+ 89. Kg3 Qd3+ 90. Kh4 Qc2 91.
Ne3 Qf2+ 92. Qg3 Qb2 93. Qh3 Qh8+ 94. Kg3 Qc3 95. Qf5+ Kg8 96. Qe6+ Kh7 97.
Qe7+ Kh6 98. Kg4 Bc8+ 99. Nf5+ Bxf5+ 100. Kxf5 Qd3+ 101. Qe4 Qh3+ 102. Ke5 Kg7
103. f5 Qc3+ 104. Ke6 Kf8 105. Qa8+ Kg7 106. c8=Q Qb3+ 107. Qd5 1-0

[Event "Copa Latinoamericana de Ajedrez 2011"]
[Site "Montevideo URU"]
[Date "2011.11.02"]
[Round "3.9"]
[White "Perez Ponsa, Federico"]
[Black "Bassan, Remo"]
[Result "1/2-1/2"]
[WhiteElo "2484"]
[BlackElo "2255"]
[PlyCount "69"]
[EventDate "2011.11.01"]
[EventType "swiss"]
[EventRounds "9"]
[EventCountry "URU"]
[Source "lmi"]
[SourceDate "2011.11.01"]

1. e4 c6 2. d4 d5 3. Nc3 dxe4 4. Nxe4 Nd7 5. Ng5 Ngf6 6. Bd3 e6 7. N1f3 Bd6 8.
Qe2 h6 9. Ne4 Nxe4 10. Qxe4 Qc7 11. O-O b6 12. Qg4 Kf8 13. b3 Bb7 14. Bb2 Nf6
15. Qh3 Nd5 16. g3 c5 17. dxc5 Bxc5 18. Ne5 Nf6 19. Rfe1 Rd8 20. Re2 Ba8 21.
Kf1 Qb7 22. f3 Kg8 23. Qh4 Qe7 24. Kg2 Nd5 25. Qxe7 Nxe7 26. Be4 Bxe4 27. fxe4
f6 28. Nd3 Bd4 29. Rd1 Bxb2 30. Nxb2 Rxd1 31. Nxd1 Kf7 32. Rd2 Rc8 33. Ne3 Ke8
34. Nc4 Rd8 35. Rxd8+ 1/2-1/2

[Event "Copa Latinoamericana de Ajedrez 2011"]
[Site "Montevideo URU"]
[Date "2011.11.02"]
[Round "3.10"]
[White "Chadwick, Norman"]
[Black "Alonso, Salvador"]
[Result "0-1"]
[WhiteElo "2196"]
[BlackElo "2483"]
[PlyCount "78"]
[EventDate "2011.11.01"]
[EventType "swiss"]
[EventRounds "9"]
[EventCountry "URU"]
[Source "lmi"]
[SourceDate "2011.11.01"]

1. e4 c5 2. Nf3 Nc6 3. d3 g6 4. g3 Bg7 5. Bg2 e5 6. O-O Nge7 7. Re1 O-O 8. c3
d6 9. a3 a5 10. a4 h6 11. Na3 Be6 12. Nd2 f5 13. exf5 Bxf5 14. Ndc4 d5 15. Ne3
Be6 16. Nb5 Rc8 17. f4 exf4 18. Nf1 Qd7 19. Bxf4 Nf5 20. Qb3 Bf7 21. Qa3 g5 22.
Bd2 Ne5 23. Ne3 Nxd3 24. Re2 Nxe3 25. Rxe3 Ne5 26. Rae1 Nc4 27. Re7 Qxe7 28.
Rxe7 Nxa3 29. bxa3 Rce8 30. Rxe8 Rxe8 31. Kf2 Be5 32. c4 dxc4 33. Bxb7 Bd4+ 34.
Nxd4 cxd4 35. Bxa5 c3 36. Bf3 Rb8 37. Be4 Rb2+ 38. Ke1 Bc4 39. Bb4 Re2+ 0-1

[Event "Copa Latinoamericana de Ajedrez 2011"]
[Site "Montevideo URU"]
[Date "2011.11.02"]
[Round "3.12"]
[White "Rodriguez Vila, Andres"]
[Black "Menna Barreto, Felipe Kubiaki"]
[Result "1-0"]
[WhiteElo "2505"]
[BlackElo "2244"]
[PlyCount "45"]
[EventDate "2011.11.01"]
[EventType "swiss"]
[EventRounds "9"]
[EventCountry "URU"]
[Source "lmi"]
[SourceDate "2011.11.01"]

1. e4 c5 2. Nf3 d6 3. c3 Nf6 4. h3 Nc6 5. Bd3 e6 6. O-O Be7 7. Bc2 O-O 8. Re1
b6 9. d4 cxd4 10. cxd4 Nb4 11. Bb3 Ba6 12. Re3 Qc8 13. Nc3 d5 14. e5 Nd7 15. a3
Nc6 16. Nh2 Re8 17. Rg3 Nf8 18. Bc2 Bh4 19. Rg4 f5 20. exf6 Bxf6 21. Nf3 e5 22.
Nxd5 Nxd4 23. Nxf6+ 1-0

[Event "Copa Latinoamericana de Ajedrez 2011"]
[Site "Montevideo URU"]
[Date "2011.11.02"]
[Round "3.13"]
[White "Dos Santos, Ramiro"]
[Black "El Ters, Antouan"]
[Result "1-0"]
[WhiteElo "2453"]
[BlackElo "2240"]
[PlyCount "89"]
[EventDate "2011.11.01"]
[EventType "swiss"]
[EventRounds "9"]
[EventCountry "URU"]
[Source "lmi"]
[SourceDate "2011.11.01"]

1. e4 e5 2. Nf3 Nc6 3. Bb5 a6 4. Ba4 Nf6 5. O-O b5 6. Bb3 Be7 7. Re1 O-O 8. h3
d6 9. c3 Be6 10. d4 Bxb3 11. Qxb3 exd4 12. cxd4 d5 13. e5 Ne4 14. Nc3 Nxc3 15.
Qxc3 Qd7 16. Bd2 Nd8 17. Rec1 Ra7 18. Be3 a5 19. Qd3 Ne6 20. Rc2 c6 21. Rac1
Rc8 22. Nd2 c5 23. f4 Rac7 24. f5 Nxd4 25. Bxd4 cxd4 26. Rxc7 Rxc7 27. Re1 Bb4
28. Rf1 Qc6 29. f6 g6 30. Kh1 Rc8 31. Qxd4 Qc2 32. e6 Qxd2 33. Qa7 Rf8 34. e7
Qxb2 35. exf8=Q+ Bxf8 36. Qxa5 h5 37. Qa8 Qd4 38. Qd8 b4 39. Rc1 Qe3 40. Rd1 d4
41. Qxd4 Qxd4 42. Rxd4 Bc5 43. Rc4 Bd6 44. Rc6 Be5 45. Rc8+ 1-0

[Event "Copa Latinoamericana de Ajedrez 2011"]
[Site "Montevideo URU"]
[Date "2011.11.02"]
[Round "3.14"]
[White "Daneri, Martin"]
[Black "Tristan, Leonardo"]
[Result "0-1"]
[WhiteElo "2110"]
[BlackElo "2463"]
[PlyCount "36"]
[EventDate "2011.11.01"]
[EventType "swiss"]
[EventRounds "9"]
[EventCountry "URU"]
[Source "lmi"]
[SourceDate "2011.11.01"]

1. c4 b6 2. Nf3 Bb7 3. e3 e6 4. Be2 f5 5. O-O Nf6 6. b3 Be7 7. Bb2 O-O 8. d3
Qe8 9. Nbd2 Qg6 10. g3 Qh6 11. h4 Ng4 12. Ne5 Bxh4 13. Nxg4 fxg4 14. gxh4 Qxh4
15. e4 Rf5 16. Bxg4 Rg5 17. f3 Qg3+ 18. Kh1 Rg6 0-1

[Event "Copa Latinoamericana de Ajedrez 2011"]
[Site "Montevideo URU"]
[Date "2011.11.02"]
[Round "3.15"]
[White "Slipak, Sergio"]
[Black "Bentancor, Franco"]
[Result "1-0"]
[WhiteElo "2440"]
[BlackElo "2240"]
[PlyCount "71"]
[EventDate "2011.11.01"]
[EventType "swiss"]
[EventRounds "9"]
[EventCountry "URU"]
[Source "lmi"]
[SourceDate "2011.11.01"]

1. d4 Nf6 2. Nf3 g6 3. g3 Bg7 4. Bg2 O-O 5. O-O d6 6. a4 Na6 7. a5 c5 8. Nc3
Rb8 9. e4 Bd7 10. h3 cxd4 11. Nxd4 Nc5 12. Re1 b5 13. axb6 Qxb6 14. b3 Rfc8 15.
Be3 e6 16. Nde2 Qc7 17. Qd2 Bc6 18. Bd4 Qb7 19. f3 a6 20. Bf2 Rd8 21. Nd4 Be8
22. Qe3 Rbc8 23. f4 e5 24. Nde2 Bc6 25. fxe5 Nfxe4 26. Nd4 d5 27. Nxc6 Qxc6 28.
Nxe4 dxe4 29. b4 Nd7 30. Bxe4 Qe6 31. Qb3 Qxh3 32. Bg2 Qf5 33. Be4 Qg4 34. e6
fxe6 35. Rxa6 Kh8 36. Qxe6 1-0

[Event "Copa Latinoamericana de Ajedrez 2011"]
[Site "Montevideo URU"]
[Date "2011.11.02"]
[Round "3.16"]
[White "Coppola, Claudio"]
[Black "Cori Tello, Deysi"]
[Result "0-1"]
[WhiteElo "2092"]
[BlackElo "2414"]
[PlyCount "92"]
[EventDate "2011.11.01"]
[EventType "swiss"]
[EventRounds "9"]
[EventCountry "URU"]
[Source "lmi"]
[SourceDate "2011.11.01"]

1. d4 f5 2. Bg5 d5 3. e3 Nf6 4. Nd2 Be6 5. Ngf3 Nbd7 6. Bd3 g6 7. O-O Bg7 8. a4
O-O 9. a5 a6 10. c3 c5 11. b4 c4 12. Be2 h6 13. Bf4 g5 14. Bg3 Ne8 15. Be5 g4
16. Bxg7 gxf3 17. Bxf8 fxe2 18. Qxe2 Kxf8 19. e4 dxe4 20. f3 e3 21. Qxe3 Ng7
22. Qxh6 Nf6 23. Rae1 Kf7 24. Rxe6 Nxe6 25. Nxc4 Qg8 26. Ne5+ Ke8 27. d5 Qg5
28. Qh8+ Nf8 29. Nc4 Rc8 30. f4 Qg6 31. Ne5 Qh7 32. Qxh7 N8xh7 33. c4 Ng4 34.
c5 Ne3 35. Rf3 Nxd5 36. Rh3 Nf8 37. Rb3 Nxf4 38. b5 Nd7 39. c6 bxc6 40. Nxc6
axb5 41. Nd4 b4 42. g3 Rc1+ 43. Kf2 Nc5 44. gxf4 Nxb3 45. Nxb3 Rc3 46. Nd2 b3
0-1

[Event "Copa Latinoamericana de Ajedrez 2011"]
[Site "Montevideo URU"]
[Date "2011.11.02"]
[Round "3.17"]
[White "Rodi, Luis Ernesto"]
[Black "Oddone, Cristhian"]
[Result "0-1"]
[WhiteElo "2406"]
[BlackElo "2197"]
[PlyCount "98"]
[EventDate "2011.11.01"]
[EventType "swiss"]
[EventRounds "9"]
[EventCountry "URU"]
[Source "lmi"]
[SourceDate "2011.11.01"]

1. e4 c6 2. d4 g6 3. c4 d5 4. cxd5 cxd5 5. exd5 Nf6 6. Qa4+ Nbd7 7. Nc3 Bg7 8.
g3 O-O 9. Bg2 Nb6 10. Qb3 e6 11. dxe6 Bxe6 12. Qd1 Nfd5 13. Nge2 Nxc3 14. bxc3
Bd5 15. O-O Bxg2 16. Kxg2 Qd5+ 17. Kg1 Qc4 18. Bb2 Rac8 19. Re1 Rfe8 20. Qd2
Nd5 21. Ba3 h5 22. Bb2 h4 23. Nf4 Rxe1+ 24. Rxe1 Bh6 25. Qd3 Bxf4 26. Qxc4 Rxc4
27. gxf4 Nxf4 28. Re7 Rc6 29. Bc1 Nd5 30. Rxb7 Rxc3 31. Bg5 h3 32. Rxa7 f6 33.
Be3 Rd3 34. Ra8+ Kf7 35. Ra7+ Ke6 36. Kf1 Nc3 37. f3 Rxe3 38. Kf2 Rd3 39. Ra6+
Kf5 40. Kg3 Ne4+ 41. Kxh3 Rxf3+ 42. Kg2 Rf2+ 43. Kg1 Rd2 44. a4 Rxd4 45. a5
Rd1+ 46. Kg2 Kf4 47. Rb6 Rd2+ 48. Kf1 Rxh2 49. a6 g5 0-1

[Event "Copa Latinoamericana de Ajedrez 2011"]
[Site "Montevideo URU"]
[Date "2011.11.03"]
[Round "3.18"]
[White "Mahia, Gustavo"]
[Black "Fell, Sebastian"]
[Result "1-0"]
[WhiteElo "2386"]
[BlackElo "2194"]
[PlyCount "65"]
[EventDate "2011.11.01"]
[EventType "swiss"]
[EventRounds "9"]
[EventCountry "URU"]
[Source "lmi"]
[SourceDate "2011.11.01"]

1. d4 Nf6 2. Bg5 e6 3. Nc3 h6 4. Bxf6 Qxf6 5. e4 d6 6. Nf3 Qe7 7. Qd2 Nd7 8.
O-O-O a6 9. Kb1 g6 10. Ne1 Bg7 11. f4 b5 12. g4 Bb7 13. Bg2 Nb6 14. e5 Nc4 15.
Qc1 Bxg2 16. Nxg2 d5 17. f5 gxf5 18. gxf5 Qd7 19. Nf4 Bf8 20. fxe6 fxe6 21. Ng6
Rg8 22. Nxf8 Rxf8 23. b3 Nb6 24. Qxh6 O-O-O 25. Rdf1 Rh8 26. Qd2 Rh4 27. Ne2
Qh7 28. Qa5 Kb7 29. Nf4 Rf8 30. Nd3 Rxf1+ 31. Rxf1 Rxd4 32. Nc5+ Kc6 33. Nxe6
1-0

[Event "Copa Latinoamericana de Ajedrez 2011"]
[Site "Montevideo URU"]
[Date "2011.11.02"]
[Round "3.19"]
[White "Rodriguez, Sergio"]
[Black "Valdes Escobar, Alvaro"]
[Result "0-1"]
[WhiteElo "2009"]
[BlackElo "2385"]
[PlyCount "52"]
[EventDate "2011.11.01"]
[EventType "swiss"]
[EventRounds "9"]
[EventCountry "URU"]
[Source "lmi"]
[SourceDate "2011.11.01"]

1. c4 c5 2. Nc3 b6 3. e4 Bb7 4. g3 Nc6 5. Bg2 g6 6. Nge2 Bg7 7. O-O d6 8. d3 e6
9. Bf4 Nge7 10. Qd2 h6 11. Nb5 e5 12. Be3 Nd4 13. Nbc3 Qd7 14. f3 f5 15. Kh1 g5
16. Bf2 O-O 17. Nxd4 exd4 18. Nd5 Nxd5 19. exd5 f4 20. Rae1 Be5 21. Qe2 Rae8
22. Qe4 Kg7 23. g4 Bf6 24. Qf5 Qf7 25. Rxe8 Rxe8 26. Re1 Bc8 0-1

[Event "Copa Latinoamericana de Ajedrez 2011"]
[Site "Montevideo URU"]
[Date "2011.11.03"]
[Round "3.20"]
[White "Fusco, Leonardo"]
[Black "Arcos Facio, Mateo"]
[Result "1/2-1/2"]
[WhiteElo "2383"]
[BlackElo "2148"]
[PlyCount "135"]
[EventDate "2011.11.01"]
[EventType "swiss"]
[EventRounds "9"]
[EventCountry "URU"]
[Source "lmi"]
[SourceDate "2011.11.01"]

1. Nf3 g6 2. e4 Bg7 3. d4 d6 4. Bc4 e6 5. Qe2 Nd7 6. a4 Ne7 7. O-O O-O 8. Nc3
Nc6 9. Rd1 e5 10. Bg5 Bf6 11. Bxf6 Qxf6 12. Nd5 Qd8 13. Qe3 Kg7 14. a5 a6 15.
dxe5 Ndxe5 16. Nxe5 Nxe5 17. f4 Nxc4 18. Qc3+ f6 19. Qxc4 Rf7 20. e5 Be6 21.
Qc3 Bxd5 22. Rxd5 Qd7 23. exd6 cxd6 24. Rad1 Rc8 25. Qb3 Qg4 26. f5 Qe4 27. c3
Qe3+ 28. Kh1 Re8 29. Qb6 Rfe7 30. Qxe3 Rxe3 31. Kg1 Re2 32. R1d2 gxf5 33. Rxd6
R2e5 34. Rd7+ Kg6 35. Rxb7 Rxa5 36. Rdd7 Re2 37. Rg7+ Kh6 38. Rxh7+ Kg5 39. h4+
Kg4 40. Rhg7+ Kxh4 41. Rg6 f4 42. Rxf6 Kg5 43. Rf8 Rb5 44. Rg7+ Kh6 45. Rg4 Rg5
46. Rh8+ Kg7 47. Rxg5+ Kxh8 48. b4 Rc2 49. Rc5 Kg7 50. Rc6 Kf7 51. Kf1 Ke7 52.
Ke1 a5 53. bxa5 Rxg2 54. Rc4 Ra2 55. Rxf4 Rxa5 56. Rd4 Ra8 57. Kd2 Rd8 58. Rxd8
Kxd8 59. Kd3 Kd7 60. Kd4 Kd6 61. c4 Ke6 62. c5 Ke7 63. Kd5 Kd7 64. c6+ Kc7 65.
Kc5 Kc8 66. Kd6 Kd8 67. c7+ Kc8 68. Kc6 1/2-1/2

[Event "Copa Latinoamericana de Ajedrez 2011"]
[Site "Montevideo URU"]
[Date "2011.11.02"]
[Round "3.22"]
[White "Claverie, Raul"]
[Black "Leiva, Giuseppe"]
[Result "1-0"]
[WhiteElo "2504"]
[BlackElo "2183"]
[PlyCount "97"]
[EventDate "2011.11.01"]
[EventType "swiss"]
[EventRounds "9"]
[EventCountry "URU"]
[Source "lmi"]
[SourceDate "2011.11.01"]

1. e4 c5 2. g3 Nc6 3. Bg2 g6 4. d3 Bg7 5. c3 d6 6. f4 Nf6 7. Nf3 O-O 8. O-O Rb8
9. Qe2 b5 10. h3 Qb6 11. g4 b4 12. c4 a5 13. Nbd2 Nd7 14. Rb1 a4 15. Kh1 Bb7
16. Qe1 e6 17. Qh4 Rbe8 18. Ng5 h6 19. Ngf3 f5 20. Qg3 Kh7 21. Rg1 Bh8 22. gxf5
gxf5 23. Qh4 Bf6 24. Ng5+ Kg7 25. exf5 exf5 26. Bd5 Bxg5 27. fxg5 h5 28. Qxh5
Re6 29. Bxe6 Nce5+ 30. Kh2 Rh8 31. Qe2 d5 32. Bxd5 Qd6 33. Rg3 Bxd5 34. cxd5 f4
35. Rf3 Ng4+ 36. Kg1 Nde5 37. hxg4 Qxd5 38. Qe4 Qd6 39. Qxf4 Nxf3+ 40. Nxf3
Qxd3 41. Qf7+ Kxf7 42. Ne5+ Ke6 43. Nxd3 Kd5 44. Bd2 Kc4 45. Nf4 Rh4 46. g6 b3
47. a3 Kd4 48. g7 Rxg4+ 49. Kf2 1-0

[Event "Copa Latinoamericana de Ajedrez 2011"]
[Site "Montevideo URU"]
[Date "2011.11.02"]
[Round "3.23"]
[White "Martinez, Ayelen"]
[Black "Real De Azua, Ernesto"]
[Result "0-1"]
[WhiteElo "2123"]
[BlackElo "2459"]
[PlyCount "74"]
[EventDate "2011.11.01"]
[EventType "swiss"]
[EventRounds "9"]
[EventCountry "URU"]
[Source "lmi"]
[SourceDate "2011.11.01"]

1. e4 e5 2. Nf3 Nc6 3. Bb5 a6 4. Ba4 Nf6 5. O-O Be7 6. Re1 b5 7. Bb3 d6 8. c3
O-O 9. h3 Nb8 10. d4 Nbd7 11. Nbd2 Bb7 12. a4 c5 13. Bc2 Re8 14. Nf1 Bf8 15.
Bg5 exd4 16. cxd4 h6 17. Bh4 cxd4 18. Nxd4 Qb6 19. f3 d5 20. e5 Bc5 21. Bf2
Nxe5 22. Ng3 Nxf3+ 23. Qxf3 Bxd4 24. Rf1 Bxf2+ 25. Rxf2 d4 26. Qf5 Bc8 27. Qd3
Kf8 28. axb5 Re3 29. Rxf6 Qxf6 30. Ne4 Qe5 31. Qc4 Be6 32. Qb4+ Kg8 33. Nd6 d3
34. Bxd3 Rxd3 35. Qe4 Qxe4 36. Nxe4 Bd5 37. Nc5 Rd2 0-1